El azar y la necesidad : ensayo sobre la filosofía natural de la biología moderna /

Ensayo sobre la filosofía natural de la biología moderna publicado en 1970 por Jacques Monod, Premio Nobel de Medicina en 1965. Este biólogo francés formuló el teorema de que, si en cualquier proceso se suprime la idea de finalidad, las cosas suceden por una combinación de azar y necesidad.

Guardado en:
Bibliografiske detaljer
Hovedforfatter: Monod, Jacques (autor)
Format: Bog
Sprog:spansk
Udgivet: Barcelona, España : Tusquets, 1985, c1985
Udgivelse:3a edición
Serier:(Cuadernos Infimos ; 100)
(Matemas ; 6)
Fag:
Tags: Tilføj Tag
Ingen Tags, Vær først til at tagge denne postø!

MARC

LEADER 00000nam^a2200000^a^4500
001 000065821
005 20250521000000.0
009 20260310091154.645
020 |a 84-7223-600-5 
037 |a Acervo ITESO - Biblioteca 
041 |a ESP 
082 |a 574. 01  |b MON 
100 |a Monod, Jacques  |e (autor) 
240 1 4 |a [El azar y la necesidad: ensayo sobre la filosofía natural de la biología moderna] 
245 1 3 |a El azar y la necesidad :  |b ensayo sobre la filosofía natural de la biología moderna /  |c J. Monod ; pref. de Clos Saint-Jacques ; tr. por Francisco Ferrer Lerín. 
250 |a 3a edición 
264 4 |a Barcelona, España :  |b Tusquets,  |c 1985, c1985 
300 |a 204 p. 
336 |a texto  |b txt  |2 rdacontenido 
337 |a sin mediación  |b n  |2 rdamedio 
338 |a volumen  |b nc  |2 rdasoporte 
440 1 |a (Cuadernos Infimos ;  |v 100) 
440 1 |a (Matemas ;  |v 6) 
500 |a Traducción de: Le hasard et la nécessité: essai sur la philosophie naturelle de la biologie moderne 
520 |a Ensayo sobre la filosofía natural de la biología moderna publicado en 1970 por Jacques Monod, Premio Nobel de Medicina en 1965. Este biólogo francés formuló el teorema de que, si en cualquier proceso se suprime la idea de finalidad, las cosas suceden por una combinación de azar y necesidad. 
649 |a XX 
650 |a Azar -  |x Filosofía 
650 |a Evolución 
650 |a Epistemología 
650 |a Biología -  |x Filosofía 
910 |a Fondo General 
920 |a Impresos - Libros 
930 |a Colección General 
905 |a 101 
901 |a 0500019938  |b IT1  |c ACC  |u 20250521 
902 |a https://opac.biblio.iteso.mx/vufind/Record/000065821